| 000 | 01079nam a2200241Ia 4500 | ||
|---|---|---|---|
| 003 | Ost | ||
| 005 | 20260507074958.0 | ||
| 008 | 260507s9999||||xx |||||||||||||| ||und|| | ||
| 040 | _cfsecg | ||
| 041 | _aara | ||
| 082 | _a330 | ||
| 100 |
_aعمر، ايمن نور الدين _eمؤلف |
||
| 245 | 0 |
_aالمقاطعة الاقتصادية بين النظرية والتطبيق / _c ايمن نور الدين عمر |
|
| 260 |
_aطرابلس: _bمكتبة السائح, _c2003 |
||
| 300 |
_a154 صفحة؛ _bإيضاحات ؛ _c24 سم |
||
| 504 | _aببليوغرافيا:ص.153-154؛ الملاحق:ص.139-151 | ||
| 520 | _aالمقاطعة و حكمها الشرعي،تعريف المقاطعة،حكم المقاطعة،معوقات المقاطعة،شروط نجاح المقاطعة،كيف نقاطع الدولار،فتاوى العلماء،تأثير المقاطعة | ||
| 653 | _aالاقتصاد | ||
| 653 | _aالمقاطعة الاقتصادية | ||
| 653 | _aأمريكا | ||
| 700 |
_aيكن، فتحي _eمؤلف ثانوي |
||
| 942 | _cكتاب | ||
| 999 |
_c42050 _d42050 |
||